Geography Quiz

Random Geography or City Quiz
Score 0/35 Timer 08:00
0 Plays Today
% Correct
Benjamin
91.8%
Roberto
91.8%
Neal
91%
Sylvester
89.6%
Lola
87.3%
Chantal
85.8%
Baxter
85.8%
Mohammed
84.3%
Murat
83.6%
Meagan
83.6%
Miroslav
83.6%
Marylou
83.6%
Harry
82.8%
Joshua
81.3%
Caesar
80.6%
Phoebe
79.9%
Salomé
79.9%
Priscilla
77.6%
% Correct
Frida
74.6%
Penelope
73.1%
Natasha
73.1%
Holly
72.4%
Adrian
70.9%
Dusty
69.4%
Tucker
68.7%
Sergei
68.7%
Corinna
67.9%
Brooke
67.2%
Vasiliki
67.2%
Yelena
64.2%
Patricia
57.5%
Powell
53.7%
Nolan
53%
Nicolai
52.2%
Zachary
49.3%
Remove Ads.
Support Sporcle.
Get the best of Sporcle when you Go Orange. This ad-free experience offers more features, more stats, and more fun while also helping to support Sporcle. Thank you for becoming a member.

You're not logged in!

Compare scores with friends on all Sporcle quizzes.
OR
Log In

Show Comments

Extras

Top Quizzes Today


Score Distribution

Your Account Isn't Verified!

In order to create a playlist on Sporcle, you need to verify the email address you used during registration. Go to your Sporcle Settings to finish the process.

Report this User

Report this user for behavior that violates our Community Guidelines.

Details: